00640nam a22002177a 450000100060000000300090000600500170001500800410003202000180007304000380009108200200012910000240014924500770017325000130025026000330026330000420029650000210033865000190035965000210037870000230039922868BD-DhUAP20250910154742.0250910b20142020ii a|||| |||| 001 0 eng d a9781292281452 aBD-DhUAPbengcBD-DhUAPdBD-DhUAP 223a004.21 KEN  aKendall, Kenneth E. aSystems analysis and design / cKenneth E. Kendall and Julie E. Kendall. a10th ed. aNew Delhi :bPearson,c2020. a571 pages :billustrations ;c28 cm.  aIncludes index.  aSystem design. aSystem analysis. aKendall, Julie E.